| 000 | 00661cam a22002411i 4500 | ||
|---|---|---|---|
| 001 | 9397946 | ||
| 005 | 20180312061910.0 | ||
| 008 | 780201s1965 nyua b 001 0 eng | ||
| 010 | _a 65019470 | ||
| 015 | _aGB66-3695 | ||
| 035 | _a(OCoLC)3594116 | ||
| 040 |
_aDLC _cFJUNF _dODaWU _dUk _dDLC |
||
| 041 | _aeng | ||
| 042 | _apremarc | ||
| 080 | _a62 WYL | ||
| 082 | _a62 WYL | ||
| 100 | 1 | _a27 | |
| 101 | _aMEK | ||
| 245 | 1 | 0 |
_aFundamentals of classical thermodynamics / _cGordon J. Van Wylen & Richard E. Sonntag. |
| 504 | _aIncludes bibliographical references and index. | ||
| 906 |
_a7 _bcbc _coclcrpl _du _encip _f19 _gy-gencatlg |
||
| 942 |
_2ddc _cBK |
||
| 999 |
_c44717 _d44717 |
||